000 00387nam a2200145Ia 4500
008 240729s9999 xx 000 0 und d
022 _a2090-1518
245 0 _aTuberculosis Research and Treatment
260 _aUnited Kingdom
260 _bHindawi Limited
650 _aMedicine
856 _uhttps://doaj.org/toc/ec8a5c855b594e13bdea5a31377a3023
942 _2ddc
942 _cDOAJEJ
999 _c71709
_d71709
945 _a1
_bMadushi Gamage
_c1
_dMadushi Gamage